|
|
|
|
| LEADER |
01264nam a2200265 a 4500 |
| 001 |
13008426 |
| 008 |
101205s2002 gw a b 101 0 eng d |
| 010 |
|
|
|a 2002042841
|
| 020 |
|
|
|a 354000307X (softcover : alk. paper)
|
| 022 |
0 |
|
|a 03029743
|
| 040 |
|
|
|a DLC
|c DLC
|d DLC
|d BD-DhAAL
|
| 082 |
0 |
0 |
|a 006.35
|2 21
|
| 245 |
1 |
0 |
|a Natural language processing and information systems :
|b 6th International Conference on Applications of Natural Language to Information Systems, NLDB 2002, Stockholm, Sweden, June 27-28, 2002 : revised papers /
|c Birger Andersson, Maria Bergholtz, Paul Johannesson (eds.).
|
| 260 |
|
|
|a Berlin ;
|a New York :
|b Springer,
|c c2002.
|
| 300 |
|
|
|a x, 239 p. :
|b ill. ;
|c 24 cm.
|
| 490 |
0 |
|
|a Lecture notes in computer science ;
|v 2553
|
| 504 |
|
|
|a Includes bibliographical references and index.
|
| 541 |
|
|
|e 00009719
|
| 650 |
|
0 |
|a Natural language processing (Computer science)
|v Congresses.
|
| 700 |
1 |
|
|a Andersson, Birger,
|d 1961-
|
| 700 |
1 |
|
|a Bergholtz, Maria,
|d 1961-
|
| 700 |
1 |
|
|a Johannesson, Paul,
|d 1959-
|
| 852 |
4 |
|
|a Ayesha Abed Library
|j General shelf
|
| 999 |
|
|
|c 10150
|d 10150
|
| 952 |
|
|
|0 0
|1 4
|2 ddc
|4 0
|6 006_350000000000000_NAT
|7 0
|9 13448
|a BRACUL
|b BRACUL
|c GEN
|d 2010-12-06
|l 0
|o 006.35 NAT
|p 3010009719
|r 2010-12-06
|t 1
|w 2010-12-06
|y BK
|x Koha Inventory 2020
|